世界国家和地区简易地图Simple Map of Countries and Regions in the World - Statistics

General Stats
  • This quiz has been taken 9 times
  • The average score is 27 of 229
Answers on the Map
Answers color-coded by a green-red scale on the quiz's map according to % correct below.
 
Answer Stats
Answer % Correct
Afuhan阿富汗
63%
Aerjiliya阿尔及利亚
50%
Jianpuzhai柬埔寨
38%
Malaixiya马来西亚
38%
Menggu蒙古
38%
Miandian缅甸
38%
Taiguo泰国
38%
Yindunixiya印度尼西亚
38%
Yuenan越南
38%
Zhongguo中国
38%
Aiji埃及
25%
Alabolianheqiuzhangguo阿拉伯联合酋长国
25%
Aman阿曼
25%
Asaibaijiang阿塞拜疆
25%
Bajisitan巴基斯坦
25%
Beimaqidun北马其顿
25%
Budan不丹
25%
Chaoxian朝鲜
25%
Eluosi俄罗斯
25%
Gelinglan格陵兰(丹)
25%
Hanguo韩国
25%
Hasakesitan哈萨克斯坦
25%
Jierjisisitan吉尔吉斯斯坦
25%
Kataer卡塔尔
25%
Keweite科威特
25%
Laowo老挝
25%
Libiya利比亚
25%
Mengjialaguo孟加拉国
25%
Moluoge摩洛哥
25%
Nansudan南苏丹
25%
Niboer尼泊尔
25%
Shatealabo沙特阿拉伯
25%
Sudan苏丹
25%
Tajikesitan塔吉克斯坦
25%
Tuerqi土耳其
25%
Tukemansitan土库曼斯坦
25%
Tunisi突尼斯
25%
Wuzibiekesitan乌兹别克斯坦
25%
Yameiniya亚美尼亚
25%
Yemen也门
25%
Yilake伊拉克
25%
Yilang伊朗
25%
Yindu印度
25%
Yuedan约旦
25%
Aerbaniya阿尔巴尼亚
13%
Agenting阿根廷
13%
Aierlan爱尔兰
13%
Aisaiebiya埃塞俄比亚
13%
Aishaniya爱沙尼亚
13%
Andaoer安道尔
13%
Angela安哥拉
13%
Aodaliya澳大利亚
13%
Aodili奥地利
13%
Babuyaxinjineiya巴布亚新几内亚
13%
Bahama巴哈马
13%
Baieluosi白俄罗斯
13%
Balagui巴拉圭
13%
Balin巴林
13%
Banama巴拿马
13%
Baojialiya保加利亚
13%
Baxi巴西
13%
Bilishi比利时
13%
Bilu秘鲁
13%
Bingdao冰岛
13%
Bolan波兰
13%
Boliweiya玻利维亚
13%
Bolizi伯利兹
13%
Bosiniyaheheisaigeweina波斯尼亚和黑塞哥维那
13%
Bujinafasuo布基纳法索
13%
Chidaojineiya赤道几内亚
13%
Danmai丹麦
13%
Deguo德国
13%
Dongdiwen东帝汶
13%
Eguaduoer厄瓜多尔
13%
Eliteliya厄立特里亚
13%
Faguo法国
13%
Fandigang梵蒂冈
13%
Feilübin菲律宾
13%
Fenlan芬兰
13%
Fodejiao佛得角
13%
Gangguo刚果(刚果布)
13%
Gangguominzhugongheguo刚果民主共和国(刚果金)
13%
Gelujiya格鲁吉亚
13%
Gelunbiya哥伦比亚
13%
Gesidalijia哥斯达黎加
13%
Guba古巴
13%
Guiyana圭亚那
13%
Guiyana法属圭亚那
13%
Haidi海地
13%
Heishan黑山
13%
Helan荷兰
13%
Hongdulasi洪都拉斯
13%
Jianada加拿大
13%
Jibuti吉布提
13%
Jieke捷克
13%
Jinbabuwei津巴布韦
13%
Kamailong喀麦隆
13%
Keluodiya克罗地亚
13%
Kenniya肯尼亚
13%
Ketediwa科特迪瓦
13%
Latuoweiya拉脱维亚
13%
Libiliya利比里亚
13%
Liezhidunshideng列支敦士登
13%
Litaowan立陶宛
13%
Luomaniya罗马尼亚
13%
Lusenbao卢森堡
13%
Madajiasijia马达加斯加
13%
Maerdaifu马尔代夫
13%
Maerta马耳他
13%
Maerweinasiqundao马尔维纳斯群岛(阿根、英争议)(英称福克兰群岛)
13%
Malawei马拉维
13%
Mali马里
13%
Maolitaniya毛里塔尼亚
13%
Meiguo美国
13%
Mikeluonixiya密克罗尼西亚
13%
Moerduowa摩尔多瓦
13%
Monage摩纳哥
13%
Mosangbike莫桑比克
13%
Moxige墨西哥
13%
Namibiya纳米比亚
13%
Nanfei南非
13%
Nijialagua尼加拉瓜
13%
Nirier尼日尔
13%
Niriliya尼日利亚
13%
Nuowei挪威
13%
Putaoya葡萄牙
13%
Riben日本
13%
Ruidian瑞典
13%
Ruishi瑞士
13%
Saerwaduo萨尔瓦多
13%
Saierweiya塞尔维亚
13%
Saineijiaer塞内加尔
13%
Saipulusi塞浦路斯
13%
Saisheer塞舌尔
13%
Shengduomeihepulinxibi圣多美和普林西比
13%
Shengmalinuo圣马力诺
13%
Sililanka斯里兰卡
13%
Siluofake斯洛伐克
13%
Siluowenniya斯洛文尼亚
13%
Sulinan苏里南
13%
Suomali索马里
13%
Tansangniya坦桑尼亚
13%
Weidimala危地马拉
13%
Weineiruila委内瑞拉
13%
Wenlai文莱
13%
Wuganda乌干达
13%
Wukelan乌克兰
13%
Wulagui乌拉圭
13%
Xibanya西班牙
13%
Xila希腊
13%
Xinjiapo新加坡
13%
Xinxilan新西兰
13%
Xiongyali匈牙利
13%
Xuliya叙利亚
13%
Yamaijia牙买加
13%
Yidaly意大利
13%
Yingguo英国
13%
Yiselie以色列
13%
Zanbiya赞比亚
13%
Zhibuluotuo直布罗陀(英占)
13%
Zhili智利
13%
Zhongfei中非
13%
Aluba阿鲁巴(荷)
0%
Anguila安圭拉(英)
0%
Antiguahebabuda安提瓜和巴布达
0%
Babaduosi巴巴多斯
0%
Baimuda百慕大(英)
0%
Balesitan巴勒斯坦
0%
Beimaliyanaqundao北马里亚纳群岛(美)
0%
Beining贝宁
0%
Bociwana博茨瓦纳
0%
Boduolige波多黎各(美)
0%
Bolinixiya法属波利尼西亚
0%
Bulongdi布隆迪
0%
Duoge多哥
0%
Duominijia多米尼加
0%
Duominike多米尼克
0%
Faluoqundao法罗群岛(丹)
0%
Feiji斐济
0%
Gangbiya冈比亚
0%
Gelinnada格林纳达
0%
Guadeluopu瓜德罗普(法)
0%
Guandao关岛(美)
0%
Jiana加纳
0%
Jiapeng加蓬
0%
Jilibasi基里巴斯
0%
Jineiya几内亚
0%
Jineiyabishao几内亚比绍
0%
Kaimanqundao开曼群岛(英)
0%
Kemoluo科摩罗
0%
Kukequndao库克群岛
0%
Kulasuo库拉索(荷)
0%
Laisuotuo莱索托
0%
Libanen黎巴嫩
0%
Liuniwang留尼汪(法)
0%
Luwangda卢旺达
0%
Maoliqiusi毛里求斯
0%
Mashaoerqundao马绍尔群岛
0%
Matinike马提尼克(法)
0%
Mengtesailate蒙特塞拉特(英)
0%
Naolu瑙鲁
0%
Niuai纽埃
0%
Palao帕劳
0%
Pitekaienqunado皮特凯恩群岛(英)
0%
Sailaliang塞拉利昂
0%
Samoya萨摩亚
0%
Samoya美属萨摩亚
0%
Shengbatailemi圣巴泰勒米(法)
0%
Shenghelena圣赫勒拿(英)
0%
Shengjiciheniweisi圣基茨和尼维斯
0%
Shengluxiya圣卢西亚
0%
Shengmading法属圣马丁
0%
Shengmading荷属圣马丁
0%
Shengpiaierhemikelong圣皮埃尔和密克隆(法)
0%
Shengwensentehegelinnadingsi圣文森特和格林纳丁斯
0%
Siweishilan斯威士兰(斯瓦蒂尼)
0%
Suoluomenqundao所罗门群岛
0%
Tangjia汤加
0%
Tekesihekaikesiqundao特克斯和凯科斯群岛(英)
0%
Telinidaheduobage特立尼达和多巴哥
0%
Tuokelao托克劳(新)
0%
Tuwalu图瓦卢
0%
Walisihefutuna瓦利斯和富图纳(法)
0%
Wanuatu瓦努阿图
0%
Weierjingqundao英属维尔京群岛
0%
Weierjingqundao美属维尔京群岛
0%
Xinkaliduoniya新喀里多尼亚(法)
0%
Xisahala西撒哈拉
0%
Zhade乍得
0%
No matching quizzes found
Score Distribution
Percent of People with Each Score
Percentile by Number Answered
Your Score History
You have not taken this quiz